[Event "Asian-ch Seniors 50"]
[Site "Chess.com INT"]
[Date "2020.07.21"]
[Round "1.8"]
[White "Ibanez, Rudy"]
[Black "Surender, Kumar Sharma"]
[Result "1-0"]
[WhiteElo "2153"]
[BlackElo "2109"]
[PlyCount "113"]
[EventDate "2020.07.21"]
[EventType "swiss"]
[EventRounds "9"]
[EventCountry "UAE"]
[SourceTitle "EXT 2024"]
[Source "ChessBase"]
[SourceDate "2023.10.10"]
[SourceVersion "1"]
[SourceVersionDate "2023.10.10"]
[SourceQuality "1"]

1. e4 d6 2. d4 Nf6 3. Nd2 g6 4. Bd3 Bg7 5. c3 Nbd7 6. f4 0-0 7. Ngf3 c5 8. 0-0 cxd4 9. cxd4 e6 10. Qe2 a6 11. Kh1 Nh5 12. g3 b5 13. a4 b4 14. b3 Bb7 15. Bb2 Rc8 16. Rac1 Qb6 17. Nc4 Qc7 18. Nce5 Qd8 19. Nxd7 Qxd7 20. Bxa6 h6 21. Bb5 Qe7 22. Ba6 Nf6 23. Bd3 d5 24. e5 Ne4 25. Kg1 Nc3 26. Qe3 Rc7 27. Rc2 Rfc8 28. Rfc1 Qd8 29. g4 Bf8 30. f5 g5 31. f6 Ne4 32. Rxc7 Rxc7 33. Rxc7 Qxc7 34. Nd2 Nc3 35. Qe1 Qb6 36. Nf3 Ne4 37. Qc1 Ba6 38. Qc2 Bxd3 39. Qxd3 Qc6 40. Kg2 Qc7 41. h4 Qc6 42. hxg5 hxg5 43. Ne1 Qb6 44. Nc2 Qa7 45. Kf3 Qb6 46. Kg2 Qc7 47. Ne1 Qc6 48. Nf3 Qb6 49. Bc1 Bh6 50. Qc2 Qa6 51. Ng1 Nc3 52. Bd2 Ne4 53. Bxb4 Bf8 54. Bxf8 Kxf8 55. Qc7 Kg8 56. Qd8+ Kh7 57. Qf8 1-0